000 02305nam0a22003851 4500
001 rc\727527
005 20250622111248.0
035 _a(NLR Aleph) 006258530
090 _a6823942
_c6823942
100 _a20040301d1985 |||y0rusy50 ca
101 0 _arus
102 _aRU
105 _ay |||||||||
200 1 _aНабат
_eРоман. Рассказы
_eПер. со словен.
_fБено Зупанчич
_g[Предисл. Н. Масленниковой]
210 _aМ.
_cРадуга
_d1985
215 _a400 с.
_d21
327 1 _aСодерж.: Набат: Роман; Рассказы: Жизнь и смерть; Без названия и героя; Идиллия с лошадьми; Сторожевая вышка; Любовь; Путешествие с Одиссеем; Праздник Французской революции; Ева полна тайн; Прекрасная Вида; Золотое яблоко; Набросок сценария со счастливым концом
464 0 _12001#$aНабат
_tНабат
464 0 _12001#$aЖизнь и смерть
_tЖизнь и смерть
464 0 _12001#$aБез названия и героя
_tБез названия и героя
464 0 _12001#$aИдиллия с лошадьми
_tИдиллия с лошадьми
464 0 _12001#$aСторожевая вышка
_tСторожевая вышка
464 0 _12001#$aЛюбовь
_tЛюбовь
464 0 _12001#$aПутешествие с Одиссеем
_tПутешествие с Одиссеем
464 0 _12001#$aПраздник Французской революции
_tПраздник Французской революции
464 0 _12001#$aЕва полна тайн
_tЕва полна тайн
464 0 _12001#$aПрекрасная Вида
_tПрекрасная Вида
464 0 _12001#$aЗолотое яблоко
_tЗолотое яблоко
464 0 _12001#$aНабросок сценария со счастливым концом
_tНабросок сценария со счастливым концом
700 1 _aЗупанчич
_bБ.
_f1925-1980
_gБено
801 0 _aRU
_bNLR
_gpsbo
801 1 _aRU
_bELAR
_2rusmarc
852 _aNLR
_j86-3/7351
942 _cBOOK
980 _aNB